00331nam a2200121Ia 450000500170000000800410001702000150005808200170007310000170009024500360010726000500014330000160019320260430133756.0260429s9999||||xx |||||||||||||| ||und|| a8185618879 a822.330bGUR aGurr, Andrew 0aKing Richard ii / cAndrew Gurr aLondon : bCambridge University Press,c2005. a224 p.; pbk